[Event "NED-chT 2223"]
[Site "Netherlands"]
[Date "2023.04.22"]
[Round "9.1"]
[White "Baltic, Fatih"]
[Black "Peelen, Piet"]
[Result "1/2-1/2"]
[WhiteElo "2277"]
[BlackElo "2350"]
[PlyCount "110"]
[EventDate "2022.09.17"]
[EventType "team-tourn"]
[EventRounds "9"]
[EventCountry "NED"]
[SourceTitle "EXT 2024"]
[Source "ChessBase"]
[SourceDate "2023.10.10"]
[SourceVersion "1"]
[SourceVersionDate "2023.10.10"]
[SourceQuality "1"]
[WhiteTeam "Zuid Limburg"]
[BlackTeam "Amstelveen Zukertort"]
[WhiteTeamCountry "NED"]
[BlackTeamCountry "NED"]

1. e4 c6 2. d4 d5 3. e5 Bf5 4. h4 h5 5. Bd3 Bxd3 6. Qxd3 Qa5+ 7. b4 Qxb4+ 8. Nd2 e6 9. Rb1 Qe7 10. c4 Qd7 11. Ne2 Ne7 12. Ba3 Nf5 13. Bxf8 Kxf8 14. Ng3 g6 15. Nxf5 exf5 16. 0-0 Kg7 17. Rfe1 Re8 18. Nf3 Na6 19. cxd5 Qxd5 20. Rxb7 Nc5 21. Qb1 Nxb7 22. Qxb7 Qb5 23. Qd7 Qd5 24. Qc7 Rac8 25. Qxa7 Ra8 26. Qb7 Rab8 27. Qc7 Rbc8 28. Qb7 Rcd8 29. Rc1 Rd7 30. Qxc6 Qxc6 31. Rxc6 Re6 32. Rxe6 fxe6 33. Ng5 Kf8 34. Nxe6+ Ke7 35. Nf4 Rxd4 36. g3 Kf7 37. Kg2 Re4 38. e6+ Kf6 39. Kf3 Kg7 40. Kg2 Kf6 41. Kf3 Kg7 42. Kg2 Re1 43. a4 Ra1 44. a5 Rxa5 45. Kf3 Re5 46. Kg2 Kf6 47. Kf3 Re4 48. Kg2 Rxf4 49. gxf4 Kxe6 50. Kf3 Kd5 51. Ke3 Kc4 52. Kd2 Kd4 53. f3 Kc4 54. Kc2 Kd4 55. Kd2 Kc4 1/2-1/2

[Event "NED-chT 2223"]
[Site "Netherlands"]
[Date "2023.03.11"]
[Round "7.3"]
[White "Maatman, Nick"]
[Black "Peelen, Piet"]
[Result "1-0"]
[WhiteElo "2336"]
[BlackElo "2350"]
[PlyCount "105"]
[EventDate "2022.09.17"]
[EventType "team-tourn"]
[EventRounds "9"]
[EventCountry "NED"]
[SourceTitle "CBM 213 Extra"]
[Source "ChessBase"]
[SourceDate "2023.05.31"]
[SourceVersion "1"]
[SourceVersionDate "2023.05.31"]
[SourceQuality "1"]
[WhiteTeam "Groningen Combinatie"]
[BlackTeam "Amstelveen Zukertort"]
[WhiteTeamCountry "NED"]
[BlackTeamCountry "NED"]

1. d4 Nf6 2. c4 g6 3. Nc3 Bg7 4. e4 d6 5. Be2 0-0 6. Nf3 e5 7. 0-0 Nc6 8. d5 Ne7 9. b4 a5 10. bxa5 Rxa5 11. a4 c5 12. Bd2 Ra6 13. Ra3 Nd7 14. Bd3 Kh8 15. Qb1 Ng8 16. Qc1 Ndf6 17. g3 Nh5 18. Be2 Bh3 19. Re1 Bg4 20. Ng5 Bxe2 21. Rxe2 Bf6 22. Rb3 Qd7 23. Be3 Rb8 24. Reb2 Bd8 25. Qb1 b6 26. Qd1 Ngf6 27. Bd2 Kg8 28. Qf1 Ne8 29. Qh3 Qxh3 30. Nxh3 f5 31. f3 Kg7 32. g4 fxg4 33. fxg4 Nhf6 34. Ng5 Nc7 35. h3 h5 36. gxh5 Nxh5 37. h4 Nf4 38. Bxf4 exf4 39. Rf2 Bf6 40. Rxf4 Rf8 41. Nb5 Rxa4 42. Nxc7 Bd4+ 43. Kg2 Rxf4 44. Nce6+ Kf6 45. Nxf4 Rxc4 46. Rxb6 Be5 47. Nh7+ Kf7 48. Rb7+ Ke8 49. Nxg6 Rxe4 50. Nxe5 Rxe5 51. Nf6+ Kd8 52. Rd7+ Kc8 53. Rxd6 1-0

[Event "NED-chT 2223"]
[Site "Netherlands"]
[Date "2022.12.17"]
[Round "5.2"]
[White "Beerdsen, Thomas"]
[Black "Peelen, Piet"]
[Result "1-0"]
[WhiteElo "2520"]
[BlackElo "2350"]
[PlyCount "125"]
[EventDate "2022.09.17"]
[EventType "team-tourn"]
[EventRounds "9"]
[EventCountry "NED"]
[SourceTitle "CBM 213 Extra"]
[Source "ChessBase"]
[SourceDate "2023.05.31"]
[SourceVersion "1"]
[SourceVersionDate "2023.05.31"]
[SourceQuality "1"]
[WhiteTeam "Apeldoorn Amevo"]
[BlackTeam "Amstelveen Zukertort"]
[WhiteTeamCountry "NED"]
[BlackTeamCountry "NED"]

1. e4 e5 2. Nf3 Nc6 3. Bc4 Bc5 4. c3 Nf6 5. d4 exd4 6. b4 Bb6 7. e5 d5 8. exf6 dxc4 9. Qe2+ Be6 10. b5 0-0 11. bxc6 Re8 12. 0-0 Bd5 13. Qd1 Qxf6 14. Nxd4 Rad8 15. h3 Bxc6 16. Be3 Be4 17. Nd2 Bd3 18. Re1 c5 19. Ne2 Bc7 20. Qc1 b5 21. Ng3 Qc6 22. a3 a5 23. Qb2 Bd6 24. Rad1 Re6 25. Nf3 Rde8 26. Qc1 h6 27. Bf4 b4 28. Rxe6 Rxe6 29. axb4 Bxf4 30. Qxf4 cxb4 31. cxb4 Qa4 32. Rc1 axb4 33. Ne5 Rf6 34. Qd4 Qa3 35. Nxd3 cxd3 36. Rc8+ Kh7 37. Rd8 Qc1+ 38. Kh2 Qc2 39. Qxd3+ Qxd3 40. Rxd3 Rxf2 41. Ne4 Rc2 42. Nd6 Rc7 43. Rb3 Rd7 44. Nb5 Rb7 45. Rxb4 g5 46. Rb3 f5 47. Nd4 Rxb3 48. Nxb3 f4 49. Kg1 Kg6 50. Kf2 Kf5 51. Kf3 h5 52. Nd4+ Ke5 53. Ne2 Kf5 54. h4 gxh4 55. Nxf4 Kg5 56. Nh3+ Kf5 57. Kf2 Kg4 58. Kg1 Kg3 59. Kh1 Kg4 60. Kh2 Kf5 61. Ng1 Kg4 62. Ne2 h3 63. gxh3+ 1-0

[Event "Elllobregat op 3rd"]
[Site "Sant Boi de Llobregat"]
[Date "2022.11.30"]
[Round "1"]
[White "Tabatabaei, Mohammad Amin"]
[Black "Peelen, Piet"]
[Result "1-0"]
[WhiteElo "2655"]
[BlackElo "2350"]
[PlyCount "75"]
[EventDate "2022.11.30"]
[EventType "swiss"]
[EventRounds "9"]
[EventCountry "ESP"]
[SourceTitle "CBM 211 Extra"]
[Source "ChessBase"]
[SourceDate "2023.01.31"]
[SourceVersion "1"]
[SourceVersionDate "2023.01.31"]
[SourceQuality "1"]

1. e4 c6 2. d4 d5 3. e5 Bf5 4. Nf3 e6 5. Be2 Nd7 6. 0-0 Ne7 7. c3 h6 8. a4 a5 9. Na3 g5 10. Nc2 Bg7 11. Ne3 Bg6 12. b4 Nf5 13. Bd3 Nxe3 14. Bxe3 Bxd3 15. Qxd3 0-0 16. Rfb1 f6 17. exf6 Qxf6 18. bxa5 e5 19. dxe5 Nxe5 20. Nxe5 Qxe5 21. Bd4 Qe7 22. Qg6 Rxa5 23. h3 Qf7 24. Qxg7+ Qxg7 25. Bxg7 Kxg7 26. Rxb7+ Rf7 27. Rxf7+ Kxf7 28. Kf1 Ke6 29. Ke2 c5 30. Kd3 Ke5 31. g3 h5 32. Ke3 g4 33. f4+ gxf3 34. Kxf3 d4 35. c4 Ra8 36. a5 Rf8+ 37. Ke2 Kd6 38. a6 1-0

[Event "Spakenburg FishPartners op"]
[Site "Spakenburg"]
[Date "2022.07.02"]
[Round "3"]
[White "Peelen, Piet"]
[Black "Blees, Albert"]
[Result "1/2-1/2"]
[WhiteElo "2336"]
[BlackElo "2318"]
[PlyCount "65"]
[EventDate "2022.07.02"]
[EventType "swiss"]
[EventRounds "7"]
[EventCountry "NED"]
[SourceTitle "EXT 2023"]
[Source "ChessBase"]
[SourceDate "2022.10.05"]
[SourceVersion "1"]
[SourceVersionDate "2022.10.05"]
[SourceQuality "1"]

1. e4 e6 2. Nf3 c5 3. d4 cxd4 4. Nxd4 a6 5. c4 Nf6 6. Nc3 Bb4 7. Qd3 Bxc3+ 8. bxc3 Qc7 9. Ba3 b6 10. Nf3 Bb7 11. e5 Ne4 12. Qe3 h6 13. Bd3 Nc5 14. Bc2 Bxf3 15. gxf3 Nc6 16. f4 g5 17. Bxc5 bxc5 18. Be4 gxf4 19. Qxf4 f5 20. Bxc6 Qxc6 21. Rg1 0-0-0 22. Rd1 Rhg8 23. Rg3 Rxg3 24. hxg3 Kc7 25. Rd6 Qh1+ 26. Ke2 Rb8 27. Qe3 Rb2+ 28. Rd2 Rxd2+ 29. Kxd2 Kc6 30. Qd3 Kc7 31. Qd6+ Kd8 32. Qf8+ Kc7 33. Qd6+ 1/2-1/2

[Event "NED-ch blitz 5th"]
[Site "Amstelveen"]
[Date "2019.11.30"]
[Round "18"]
[White "Peelen, Piet"]
[Black "Admiraal, Miguoel"]
[Result "0-1"]
[WhiteElo "2352"]
[BlackElo "2510"]
[PlyCount "61"]
[EventDate "2019.11.30"]
[EventType "swiss (blitz)"]
[EventRounds "30"]
[EventCountry "NED"]
[SourceTitle "CBM 193 Extra"]
[Source "ChessBase"]
[SourceDate "2020.01.31"]
[SourceVersion "1"]
[SourceVersionDate "2020.01.31"]
[SourceQuality "1"]

1. d4 d5 2. Bf4 c5 3. e3 Nc6 4. c3 Bf5 5. Nd2 e6 6. g4 Bg6 7. Qb3 Qd7 8. Bb5 c4 9. Qa4 Nge7 10. Ngf3 f6 11. b3 cxb3 12. axb3 Nc8 13. b4 Bd6 14. Nb3 Nb6 15. Bxc6 bxc6 16. Qa6 0-0 17. Nc5 Bxc5 18. bxc5 Nc4 19. Nd2 Bd3 20. h3 e5 21. Bg3 h5 22. Nxc4 Bxc4 23. Qa4 hxg4 24. Qd1 gxh3 25. Qh5 Rab8 26. Rxh3 Rb2 27. Qh7+ Kf7 28. dxe5 Re2+ 29. Kd1 Qb7 30. Rb1 Rb2 31. Rxb2 0-1

[Event "Haarlem Masters"]
[Site "Haarlem"]
[Date "2019.10.20"]
[Round "2"]
[White "Peelen, Piet"]
[Black "Welling, Gerard J"]
[Result "1-0"]
[WhiteElo "2348"]
[BlackElo "2302"]
[PlyCount "79"]
[EventDate "2019.10.19"]
[EventType "tourn"]
[EventRounds "9"]
[EventCountry "NED"]
[EventCategory "4"]
[SourceTitle "CBM 192 Extra"]
[Source "Chessbase"]
[SourceDate "2019.11.06"]
[SourceVersion "1"]
[SourceVersionDate "2019.11.06"]
[SourceQuality "1"]

1. d4 g6 2. c4 Bg7 3. Nf3 d6 4. e4 Nd7 5. Nc3 e5 6. Be2 Ngf6 7. 0-0 0-0 8. Be3 Re8 9. Qc2 Ng4 10. Bg5 Bf6 11. Bxf6 Ngxf6 12. Rad1 exd4 13. Nxd4 Nc5 14. f3 a5 15. Rfe1 c6 16. Bf1 Qb6 17. Kh1 Re7 18. Qd2 Ne8 19. b3 Bd7 20. Nc2 Rd8 21. Ne3 Qa7 22. Qc2 Qb8 23. a3 Ng7 24. b4 axb4 25. axb4 Na6 26. Qb2 Nc7 27. Rxd6 Be6 28. c5 Red7 29. Red1 Qc8 30. Na4 Rxd6 31. cxd6 Nce8 32. Nb6 Qb8 33. d7 Nc7 34. Qf6 h5 35. f4 Bg4 36. Nxg4 hxg4 37. f5 gxf5 38. exf5 Nd5 39. Nxd5 cxd5 40. Rxd5 1-0

[Event "Spakenburg FishPartners op"]
[Site "Spakenburg"]
[Date "2019.06.29"]
[Round "6"]
[White "Peelen, Piet"]
[Black "Bosboom, Ardin"]
[Result "1-0"]
[WhiteElo "2346"]
[BlackElo "1965"]
[PlyCount "117"]
[EventDate "2019.06.29"]
[EventType "swiss (rapid)"]
[EventRounds "7"]
[EventCountry "NED"]
[SourceTitle "CBM 191 Extra"]
[Source "ChessBase"]
[SourceDate "2019.09.30"]
[SourceVersion "1"]
[SourceVersionDate "2019.09.30"]
[SourceQuality "1"]

1. d4 g6 2. c4 Bg7 3. e4 d6 4. Nf3 e5 5. Nc3 Nc6 6. Be3 Bg4 7. d5 Nd4 8. Be2 Bxf3 9. Bxf3 c5 10. dxc6 bxc6 11. 0-0 Ne7 12. g3 0-0 13. Bg2 f5 14. exf5 gxf5 15. f4 Rb8 16. b3 c5 17. fxe5 dxe5 18. Bg5 e4 19. Nd5 Nxd5 20. Bxd8 Nc3 21. Qh5 Rbxd8 22. Bh3 Rd6 23. Bxf5 Rh6 24. Qg4 Nce2+ 25. Kg2 Nxf5 26. Qxe2 Bxa1 27. Rxa1 e3 28. Rf1 Rg6 29. Rxf5 Rxf5 30. Qxe3 Rgf6 31. a3 a6 32. b4 cxb4 33. axb4 Kf7 34. Qd4 Re6 35. Qd3 Kf6 36. Qd8+ Ke5 37. Qh8+ Kd6 38. Qxh7 Re2+ 39. Kh3 Rff2 40. Qg6+ Ke5 41. Qxa6 Rxh2+ 42. Kg4 Rhf2 43. Qb5+ Kd4 44. Qd5+ Kc3 45. b5 Rd2 46. Qe6 Rfe2 47. Qg8 Rd4+ 48. Kf3 Red2 49. b6 R2d3+ 50. Kg2 Rd2+ 51. Kh3 Rb2 52. c5 Rc4 53. Qg7+ Kc2 54. Qg6+ Kc3 55. Qf6+ Kc2 56. Qf5+ Kc3 57. Qe5+ Kc2 58. c6 Rxb6 59. Qe2+ 1-0

[Event "Spakenburg FishPartners op"]
[Site "Spakenburg"]
[Date "2019.06.29"]
[Round "3"]
[White "Peelen, Piet"]
[Black "Ris, Robert"]
[Result "1-0"]
[WhiteElo "2346"]
[BlackElo "2452"]
[PlyCount "103"]
[EventDate "2019.06.29"]
[EventType "swiss (rapid)"]
[EventRounds "7"]
[EventCountry "NED"]
[SourceTitle "CBM 191 Extra"]
[Source "ChessBase"]
[SourceDate "2019.09.30"]
[SourceVersion "1"]
[SourceVersionDate "2019.09.30"]
[SourceQuality "1"]

1. d4 d5 2. c4 e6 3. Nf3 a6 4. cxd5 exd5 5. Nc3 Be6 6. Bf4 Bd6 7. Bxd6 Qxd6 8. e3 Nd7 9. Bd3 Ngf6 10. 0-0 0-0 11. Qc2 c5 12. dxc5 Nxc5 13. h3 Rac8 14. Rad1 Rc7 15. Ng5 g6 16. Nxe6 fxe6 17. Qd2 b5 18. a3 Qb6 19. Bb1 b4 20. axb4 Qxb4 21. Ne4 Qxd2 22. Nxf6+ Rxf6 23. Rxd2 Rb7 24. Rc1 Nb3 25. Rc8+ Rf8 26. Rdc2 Rxc8 27. Rxc8+ Kf7 28. Bd3 a5 29. g4 Nd2 30. Ra8 Rb3 31. Be2 Rxb2 32. Rxa5 Ne4 33. Kf1 Kf6 34. h4 h6 35. Ra6 Rb1+ 36. Kg2 Rb2 37. Kf1 g5 38. hxg5+ hxg5 39. Rc6 Ke5 40. Ra6 Nc5 41. Rc6 Nb3 42. Bd3 Nd2+ 43. Kg2 Rb3 44. Bh7 Rb2 45. Bg8 Kf6 46. Bxe6 Ke5 47. Bf7 Ke4 48. Bg6+ Ke5 49. Bf5 d4 50. Rc5+ Kd6 51. exd4 Nb3 52. Rb5 1-0

[Event "Spakenburg op"]
[Site "Spakenburg"]
[Date "2018.07.07"]
[Round "3"]
[White "Beerdsen, Thomas"]
[Black "Peelen, Piet"]
[Result "1-0"]
[WhiteElo "2469"]
[BlackElo "2336"]
[PlyCount "94"]
[EventDate "2018.07.07"]
[EventType "swiss"]
[EventRounds "7"]
[EventCountry "NED"]
[SourceTitle "CBM 185 Extra"]
[Source "ChessBase"]
[SourceDate "2018.07.29"]
[SourceVersion "1"]
[SourceVersionDate "2018.07.29"]
[SourceQuality "1"]

1. e4 c6 2. Nf3 d5 3. exd5 cxd5 4. Ne5 Nc6 5. d4 e6 6. Bb5 Bd7 7. Bxc6 bxc6 8. Qh5 Qe7 9. Nc3 Nf6 10. Qf3 Qb4 11. Bg5 Be7 12. 0-0 Qxd4 13. Rfe1 Rd8 14. Rad1 Qb4 15. a3 Qb8 16. b4 0-0 17. Na4 Qc7 18. Nc5 Bc8 19. Rd4 Nd7 20. Ncxd7 Bxg5 21. Nxf8 Kxf8 22. Qg3 Kg8 23. Qxg5 f6 24. Qg3 fxe5 25. Qxe5 Qxe5 26. Rxe5 Kf7 27. f4 h6 28. h4 Ke7 29. Re3 Kd6 30. Kf2 Rf8 31. Ke2 c5 32. bxc5+ Kxc5 33. Rb4 Ba6+ 34. Kd2 Bc4 35. g3 g5 36. hxg5 hxg5 37. fxg5 Rf2+ 38. Kc1 Rf5 39. Rxe6 Rxg5 40. Re3 Kd4 41. Kd2 a5 42. Rb8 Rh5 43. c3+ Kc5 44. Rc8+ Kd6 45. Ree8 Rh2+ 46. Ke3 Re2+ 47. Kf4 Rf2+ 1-0

[Event "Spakenburg op"]
[Site "Spakenburg"]
[Date "2018.07.07"]
[Round "4"]
[White "Peelen, Piet"]
[Black "De Kraker, Johnny"]
[Result "1-0"]
[WhiteElo "2336"]
[BlackElo "1942"]
[PlyCount "63"]
[EventDate "2018.07.07"]
[EventType "swiss"]
[EventRounds "7"]
[EventCountry "NED"]
[SourceTitle "CBM 185 Extra"]
[Source "ChessBase"]
[SourceDate "2018.07.29"]
[SourceVersion "1"]
[SourceVersionDate "2018.07.29"]
[SourceQuality "1"]

1. d4 Nf6 2. c4 g6 3. Nc3 Bg7 4. e4 d6 5. Be2 0-0 6. Nf3 e5 7. 0-0 exd4 8. Nxd4 Re8 9. f3 Nc6 10. Be3 Nh5 11. Nxc6 bxc6 12. Qd2 c5 13. Rfd1 Be6 14. Rac1 Qb8 15. b3 Qb4 16. Nb5 Qxd2 17. Bxd2 Re7 18. Ba5 Rc8 19. g3 f5 20. exf5 Bxf5 21. Bd3 Bxd3 22. Rxd3 a6 23. Nc3 Bd4+ 24. Kf1 Nf6 25. Re1 Rce8 26. Rxe7 Rxe7 27. Ne2 Re3 28. Rxe3 Bxe3 29. Bxc7 Ne8 30. Bd8 Kf7 31. Nc3 Bd4 32. Ne4 1-0

[Event "Spakenburg op"]
[Site "Spakenburg"]
[Date "2018.07.07"]
[Round "5"]
[White "Van Brummelen, Kevin"]
[Black "Peelen, Piet"]
[Result "1-0"]
[WhiteElo "2136"]
[BlackElo "2336"]
[PlyCount "101"]
[EventDate "2018.07.07"]
[EventType "swiss"]
[EventRounds "7"]
[EventCountry "NED"]
[SourceTitle "CBM 185 Extra"]
[Source "ChessBase"]
[SourceDate "2018.07.29"]
[SourceVersion "1"]
[SourceVersionDate "2018.07.29"]
[SourceQuality "1"]

1. e4 c6 2. c4 d5 3. cxd5 cxd5 4. exd5 Nf6 5. Nc3 Nxd5 6. d4 e6 7. Nf3 Bb4 8. Bd2 Nc6 9. Bd3 Be7 10. Nxd5 Qxd5 11. Bc3 Nb4 12. Be2 Bd7 13. a3 Nc6 14. 0-0 0-0 15. Ne5 Nxe5 16. dxe5 Bc6 17. Qxd5 Bxd5 18. f4 Bc5+ 19. Kh1 Rfd8 20. Bf3 Rac8 21. g4 Bd4 22. Bxd5 Rxd5 23. Bxd4 Rxd4 24. Rad1 Rcd8 25. Rxd4 Rxd4 26. Kg2 g5 27. Kg3 Rd2 28. f5 Rxb2 29. Rd1 Rb3+ 30. Kg2 Kf8 31. Rd7 exf5 32. gxf5 h5 33. f6 Kg8 34. Rd8+ Kh7 35. e6 Rb2+ 36. Kf3 g4+ 37. Ke3 Rb3+ 38. Ke4 fxe6 39. f7 Rf3 40. f8Q Rxf8 41. Rxf8 Kg6 42. Kf4 b5 43. Rb8 e5+ 44. Kxe5 Kg5 45. Rg8+ Kh4 46. Kf4 a5 47. Rg5 b4 48. a4 b3 49. Rb5 Kh3 50. Rxh5+ Kg2 51. Kxg4 1-0

[Event "NED-ch internet"]
[Site "Playchess.com INT"]
[Date "2016.06.25"]
[Round "1.2"]
[White "Peelen, Piet"]
[Black "Bok, Benjamin"]
[Result "0-1"]
[WhiteElo "2336"]
[BlackElo "2613"]
[PlyCount "84"]
[EventDate "2016.06.25"]
[EventType "k.o. (blitz)"]
[EventRounds "4"]
[EventCountry "NED"]
[SourceTitle "CBM 173 Extra"]
[Source "ChessBase"]
[SourceDate "2016.08.29"]
[SourceVersion "1"]
[SourceVersionDate "2016.08.29"]
[SourceQuality "1"]

1. c4 e6 2. g3 d5 3. d4 Bb4+ 4. Bd2 Be7 5. Nf3 Nf6 6. Bg2 0-0 7. 0-0 Nbd7 8. Qc2 c6 9. Rd1 b6 10. Bf4 Ba6 11. Nbd2 Nh5 12. Be3 Rc8 13. Rac1 Bb7 14. Qa4 a6 15. cxd5 cxd5 16. Ne5 b5 17. Qb3 Nhf6 18. a4 Qb6 19. axb5 axb5 20. Nxd7 Nxd7 21. Nf3 b4 22. Bf4 Ba6 23. Bf1 Bc4 24. Qe3 Qa6 25. b3 Bb5 26. Ne5 Nxe5 27. Bxe5 Qa3 28. Ra1 Qb2 29. Ra7 Rfe8 30. Rda1 f6 31. Bc7 Bf8 32. Bh3 Kh8 33. Kf1 Rxc7 34. Rxc7 Qxa1+ 35. Kg2 Qa5 36. Rc2 Qb6 37. Qf4 Qd6 38. Qc1 e5 39. e3 exd4 40. exd4 g6 41. Kg1 Qe7 42. Bf1 Qe1 0-1

[Event "Oberliga NRW 1516"]
[Site "Germany"]
[Date "2016.02.14"]
[Round "6.3"]
[White "Peelen, Piet"]
[Black "Buscher, Michael"]
[Result "1/2-1/2"]
[WhiteElo "2309"]
[BlackElo "2373"]
[PlyCount "66"]
[EventDate "2015.09.27"]
[EventType "team-tourn"]
[EventRounds "9"]
[EventCountry "GER"]
[SourceTitle "EXT 2017"]
[Source "ChessBase"]
[SourceDate "2016.10.25"]
[SourceVersion "1"]
[SourceVersionDate "2016.10.25"]
[SourceQuality "1"]
[WhiteTeam "Wattenscheid"]
[BlackTeam "Aachen Aufwaerts II"]
[WhiteTeamCountry "GER"]
[BlackTeamCountry "GER"]

1. d4 Nf6 2. c4 e6 3. g3 d5 4. Nf3 c5 5. cxd5 Nxd5 6. Bg2 cxd4 7. 0-0 Be7 8. Nxd4 0-0 9. Nc3 Nxc3 10. bxc3 Qa5 11. Rb1 e5 12. Rb5 Qc7 13. Nf5 Bxf5 14. Rxb7 Qc8 15. Rxe7 Nc6 16. Ba3 Nxe7 17. Bxe7 Re8 18. Bd6 Bh3 19. Bxh3 Qxh3 20. c4 Re6 21. f3 Qh6 22. c5 Qe3+ 23. Kg2 h5 24. Qd3 Qxd3 25. exd3 Rc8 26. Rb1 Rc6 27. a4 Rexd6 28. Rb8+ Kh7 29. cxd6 Rxd6 30. Rb7 f6 31. Rxa7 Rxd3 32. h4 Rd2+ 33. Kf1 Ra2 1/2-1/2

[Event "Oberliga NRW 1516"]
[Site "Germany"]
[Date "2016.01.10"]
[Round "5.3"]
[White "Wacker, Peter"]
[Black "Peelen, Piet"]
[Result "1/2-1/2"]
[WhiteElo "2266"]
[BlackElo "2309"]
[PlyCount "91"]
[EventDate "2015.09.27"]
[EventType "team-tourn"]
[EventRounds "9"]
[EventCountry "GER"]
[SourceTitle "EXT 2017"]
[Source "ChessBase"]
[SourceDate "2016.10.25"]
[SourceVersion "1"]
[SourceVersionDate "2016.10.25"]
[SourceQuality "1"]
[WhiteTeam "Koeln SF"]
[BlackTeam "Wattenscheid"]
[WhiteTeamCountry "GER"]
[BlackTeamCountry "GER"]

1. e4 c6 2. d4 d5 3. Nc3 dxe4 4. Nxe4 Bf5 5. Ng3 Bg6 6. Nh3 Nd7 7. Nf4 e5 8. Nxg6 hxg6 9. dxe5 Qa5+ 10. Bd2 Qxe5+ 11. Qe2 Qxe2+ 12. Bxe2 Ngf6 13. 0-0 0-0-0 14. Rad1 Bc5 15. Bc3 Nb6 16. Ba5 Rxd1 17. Rxd1 Rd8 18. Rxd8+ Kxd8 19. Bd2 Ke7 20. Bd3 Nbd7 21. Ne4 Nxe4 22. Bxe4 Ne5 23. c3 Ng4 24. Be1 Bd6 25. g3 a6 26. Bf3 Ne5 27. Be2 g5 28. h3 f5 29. Bd2 Kf6 30. Kg2 g6 31. Be3 Nd7 32. Bd3 Bc5 33. Bc1 Bd6 34. Bc2 Nb6 35. Kf3 Be5 36. Ke2 Bd6 37. Bd3 Nd7 38. Bc2 Bc5 39. f4 gxf4 40. Bxf4 Nf8 41. b4 Be7 42. g4 Ne6 43. Bd2 Ke5 44. gxf5 gxf5 45. Bb3 Nf4+ 46. Bxf4+ 1/2-1/2

[Event "Oberliga NRW 1516"]
[Site "Germany"]
[Date "2015.09.27"]
[Round "1.3"]
[White "Kaufeld, Juergen"]
[Black "Peelen, Piet"]
[Result "1-0"]
[WhiteElo "2261"]
[BlackElo "2309"]
[PlyCount "43"]
[EventDate "2015.09.27"]
[EventType "team-tourn"]
[EventRounds "9"]
[EventCountry "GER"]
[SourceTitle "EXT 2017"]
[Source "ChessBase"]
[SourceDate "2016.10.25"]
[SourceVersion "1"]
[SourceVersionDate "2016.10.25"]
[SourceQuality "1"]
[WhiteTeam "Oberhausen"]
[BlackTeam "Wattenscheid"]
[WhiteTeamCountry "GER"]
[BlackTeamCountry "GER"]

1. e4 c6 2. d4 d5 3. e5 Bf5 4. h4 h5 5. Bd3 Bxd3 6. Qxd3 e6 7. Bg5 Qa5+ 8. Nd2 Qa6 9. c4 Bb4 10. b3 Ne7 11. Ne2 Nd7 12. 0-0 f6 13. a3 Bxd2 14. Bxd2 dxc4 15. bxc4 0-0-0 16. Qc3 fxe5 17. dxe5 Nc5 18. Be3 Rd3 19. Qb4 Rxe3 20. fxe3 b6 21. Nd4 Rd8 22. Nxe6 1-0

[Event "BL2-West 1415"]
[Site "Germany"]
[Date "2015.02.22"]
[Round "7.8"]
[White "Peelen, Piet"]
[Black "Peschel, Andreas"]
[Result "1-0"]
[WhiteElo "2303"]
[BlackElo "2150"]
[PlyCount "57"]
[EventDate "2014.09.21"]
[EventType "team-tourn"]
[EventRounds "9"]
[EventCountry "GER"]
[SourceTitle "CBM 166 Extra"]
[Source "ChessBase"]
[SourceDate "2015.06.18"]
[SourceVersion "1"]
[SourceVersionDate "2015.06.18"]
[SourceQuality "1"]
[WhiteTeam "Bochum SV"]
[BlackTeam "Solingen II"]
[WhiteTeamCountry "GER"]
[BlackTeamCountry "GER"]

1. d4 d5 2. c4 c6 3. Nf3 e6 4. Qc2 Nf6 5. Bg5 Nbd7 6. e3 Qa5+ 7. Nc3 dxc4 8. Bxc4 b5 9. Bd3 Nd5 10. Qd2 Nxc3 11. bxc3 Bb7 12. 0-0 c5 13. a4 bxa4 14. e4 c4 15. Bxc4 Bxe4 16. Ne5 Nxe5 17. dxe5 Bc5 18. Qe2 Bc6 19. Qg4 Qc7 20. Bh4 0-0 21. Bf6 g6 22. Rfd1 Rfc8 23. Rd3 Be7 24. Qg5 Be4 25. Rd4 Bd5 26. Bxd5 Qxc3 27. Rad1 Bxf6 28. exf6 Kh8 29. Qh6 1-0

[Event "BL2-West 1415"]
[Site "Germany"]
[Date "2015.01.18"]
[Round "5.7"]
[White "Stockmann, Michael"]
[Black "Peelen, Piet"]
[Result "0-1"]
[WhiteElo "2222"]
[BlackElo "2303"]
[PlyCount "188"]
[EventDate "2014.09.21"]
[EventType "team-tourn"]
[EventRounds "9"]
[EventCountry "GER"]
[SourceTitle "CBM 166 Extra"]
[Source "ChessBase"]
[SourceDate "2015.06.18"]
[SourceVersion "1"]
[SourceVersionDate "2015.06.18"]
[SourceQuality "1"]
[WhiteTeam "Schoeneck"]
[BlackTeam "Bochum SV"]
[WhiteTeamCountry "GER"]
[BlackTeamCountry "GER"]

1. d4 Nf6 2. c4 g6 3. g3 Bg7 4. Bg2 d5 5. Nc3 dxc4 6. Qa4+ Nfd7 7. Nf3 Nc6 8. Bf4 Nb6 9. Qc2 Nb4 10. Qc1 0-0 11. 0-0 c6 12. Bh6 Bf5 13. Bxg7 Kxg7 14. h3 N4d5 15. Nd2 Nf6 16. e4 Be6 17. Nf3 Qc8 18. Kh2 c5 19. d5 Bd7 20. Rd1 e6 21. d6 Bc6 22. Ne5 Nbd7 23. Nxc4 e5 24. a4 b6 25. Ne3 Qb7 26. f3 a6 27. Nc4 b5 28. Na5 Qb6 29. axb5 axb5 30. Nxc6 Rxa1 31. Qxa1 Qxc6 32. Qa7 b4 33. Ne2 Ra8 34. Qc7 Qxc7 35. dxc7 Rc8 36. g4 h6 37. h4 Rxc7 38. Bh3 Nb6 39. b3 Rd7 40. Rc1 Rd2 41. Bf1 Nfd7 42. Rb1 Nf8 43. Kg3 Ne6 44. Kf2 Kf6 45. Ke3 Ra2 46. Nc1 Ra3 47. Nd3 c4 48. Nxb4 Rxb3+ 49. Rxb3 cxb3 50. Kd3 Nd4 51. Kc3 Na4+ 52. Kc4 Nb6+ 53. Kc5 b2 54. Bd3 Na4+ 55. Kc4 Ke6 56. Nd5 Nxf3 57. Kb4 Nd2 58. Kxa4 b1Q 59. Bxb1 Nxb1 60. Kb5 Nd2 61. Kc6 Nxe4 62. Nc7+ Kf6 63. Nd5+ Ke6 64. Nc7+ Kf6 65. Nd5+ Kg7 66. Ne3 Nd2 67. Kd6 Nf3 68. Kd5 Nxh4 69. Kxe5 Nf3+ 70. Kf4 Ng5 71. Nd5 Ne6+ 72. Ke5 Nc5 73. Kd4 Nd7 74. Kc3 Ne5 75. Ne3 Kf6 76. Kd4 Nd7 77. Ke4 Kg5 78. Kf3 Nf6 79. Kg3 h5 80. gxh5 Nxh5+ 81. Kf3 Nf6 82. Nc4 Nd7 83. Kg3 f5 84. Kf3 Kf6 85. Kg3 Ne5 86. Ne3 Nd3 87. Kf3 Nb4 88. Kf4 g5+ 89. Kf3 Nc6 90. Ng2 Nd4+ 91. Ke3 Ke5 92. Ne1 f4+ 93. Kf2 Ke4 94. Ng2 Nc2 0-1

[Event "BL2-West 1415"]
[Site "Germany"]
[Date "2014.12.07"]
[Round "4.7"]
[White "Peelen, Piet"]
[Black "Kayser, Felix"]
[Result "1/2-1/2"]
[WhiteElo "2303"]
[BlackElo "2161"]
[PlyCount "46"]
[EventDate "2014.09.21"]
[EventType "team-tourn"]
[EventRounds "9"]
[EventCountry "GER"]
[SourceTitle "CBM 166 Extra"]
[Source "ChessBase"]
[SourceDate "2015.06.18"]
[SourceVersion "1"]
[SourceVersionDate "2015.06.18"]
[SourceQuality "1"]
[WhiteTeam "Bochum SV"]
[BlackTeam "Wiesbaden"]
[WhiteTeamCountry "GER"]
[BlackTeamCountry "GER"]

1. c4 c5 2. g3 g6 3. Bg2 Bg7 4. Nc3 Nc6 5. Nf3 d6 6. a3 Bd7 7. Rb1 a5 8. d3 Rb8 9. Bd2 Nf6 10. 0-0 Qc8 11. Qc1 Bh3 12. Bh6 0-0 13. Rd1 Bxg2 14. Kxg2 Rd8 15. Bxg7 Kxg7 16. b3 b6 17. Nd5 Nxd5 18. cxd5 Na7 19. Qb2+ Kg8 20. Rbc1 Qb7 21. e4 Rdc8 22. Qd2 Kg7 23. Qb2+ Kg8 1/2-1/2